| 000 | 00720nam a22002177a 4500 | ||
|---|---|---|---|
| 003 | BUBTL | ||
| 008 | 240207b ||||| |||| 00| 0 eng d | ||
| 020 | _a9848272356 | ||
| 082 | _a346.013/ Is41i/ 2009 | ||
| 100 |
_92421 _aIslam, Mahmudul |
||
| 245 |
_a Interpretation of Statutes and Documents/ _cMahmudul Islam |
||
| 250 | _a1st ed | ||
| 260 |
_aDhaka: _bMullick Brothers, _cc2009 |
||
| 300 |
_a482 p. : _c22.5 cm |
||
| 500 | _aIncludes Index | ||
| 505 | _a Interpretation of Statutes and Documents, Basic Principles of Interpretation of Statutes, Presumption in Interpretation of Statutes | ||
| 650 | 0 |
_926 _aLaw |
|
| 856 |
_k0 _l0 _yDownload |
||
| 942 |
_2ddc _cBK |
||
| 999 |
_c7207 _d7207 |
||